[Event "2.Bl-West"]
[Site "Jenbach"]
[Date "2003.11.16"]
[Round "5"]
[Board "1"]
[White "Westermeier, Arnulf"]
[Black "Kelecevic, Nedeljko"]
[Result "1/2-1/2"]
[WhiteElo "2297"]
[BlackElo "2381"]
[PlyCount "44"]

1.e4 c5 2.Nf3 Nc6 3.d4 cxd4 4.Nxd4 Nf6 5.Nc3 d6 6.f4 e6 7.Be3 e5 8.Nxc6 bxc6
9.Be2 Be7 10.fxe5 dxe5 11.Qxd8+ Bxd8 12.Bc5 Be7 13.Bxe7 Kxe7 14.O-O-O Be6 15.Rd2
Rad8 16.Rhd1 Rxd2 17.Rxd2 Rb8 18.a3 a5 19.Bd3 g6 20.Nd1 Ne8 21.Ne3 Nd6 22.g4 f6

[Event "2.Bl-West"]
[Site "Jenbach"]
[Date "2003.11.16"]
[Round "5"]
[Board "2"]
[White "Poettinger, Harald"]
[Black "Juergens, Klaus"]
[Result "1-0"]
[WhiteElo "2238"]
[BlackElo "2162"]
[PlyCount "63"]

1.d4 Nf6 2.Nf3 g6 3.c4 Bg7 4.Nc3 O-O 5.e3 d6 6.Be2 c5 7.O-O b6 8.Re1 Bb7 9.d5
Na6 10.e4 Nc7 11.Bf1 a6 12.a4 Bc8 13.h3 Rb8 14.Bf4 Nd7 15.Qd2 Ne5 16.Nxe5 Bxe5
17.Bh6 Bg7 18.Bxg7 Kxg7 19.e5 dxe5 20.Rxe5 f6 21.Re2 Ne8 22.Qe3 Rb7 23.a5 Nd6
24.axb6 Qxb6 25.Na4 Qb4 26.Qxc5 Qxc5 27.Nxc5 Rc7 28.Nxa6 Bxa6 29.Rxa6 Nxc4
30.Rc6 Rfc8 31.Rxc7 Rxc7 32.Rc2

[Event "2.Bl-West"]
[Site "Jenbach"]
[Date "2003.11.16"]
[Round "5"]
[Board "3"]
[White "Teufl, Siegfried"]
[Black "Hugentobler, Patrick"]
[Result "0-1"]
[WhiteElo "2192"]
[BlackElo "2262"]
[PlyCount "94"]

1.e4 Nf6 2.e5 Nd5 3.d4 d6 4.c4 Nb6 5.exd6 cxd6 6.Nc3 g6 7.Be3 Bg7 8.Rc1 O-O
9.Be2 d5 10.c5 Nc4 11.Bxc4 dxc4 12.Nf3 Bg4 13.h3 Bxf3 14.Qxf3 Nc6 15.O-O Nxd4
16.Bxd4 Qxd4 17.Na4 Rfb8 18.Rfd1 Qf6 19.Qe4 Qc6 20.Rxc4 Rd8 21.Rxd8+ Rxd8
22.Qxc6 Rd1+ 23.Kh2 bxc6 24.Rc2 f5 25.g3 Kf7 26.Kg2 e5 27.Nc3 Rd3 28.Ne2 Ke6
29.b4 a6 30.Nc1 Rd1 31.Nb3 Bh6 32.Na5 Kd5 33.Nc4 Rc1 34.Nb6+ Kd4 35.Rb2 e4
36.Nd7 Kc3 37.Rb3+ Kc4 38.Nb6+ Kd4 39.Ra3 Rc2 40.Kf1 e3 41.fxe3+ Bxe3 42.h4 Rf2+
43.Ke1 Rg2 44.Rxa6 Rxg3 45.Nd7 f4 46.Rxc6 f3 47.Kd1 Kc3

[Event "2.Bl-West"]
[Site "Jenbach"]
[Date "2003.11.16"]
[Round "5"]
[Board "4"]
[White "Bezler, Rainer"]
[Black "Loeffler, Christoph"]
[Result "1-0"]
[WhiteElo "2228"]
[BlackElo "2147"]
[PlyCount "79"]

1.d4 Nf6 2.c4 g6 3.Nc3 d5 4.Bg5 Ne4 5.Bf4 Nxc3 6.bxc3 Bg7 7.e3 c6 8.Nf3 O-O
9.Be2 Nd7 10.cxd5 cxd5 11.Qb3 Qa5 12.O-O Nf6 13.h3 h6 14.Rfc1 Ne4 15.a4 Kh7
16.c4 e6 17.cxd5 exd5 18.Bb5 Be6 19.Bc7 b6 20.Bc6 Rac8 21.Bb7 Nc5 22.Rxc5 Qxc5
23.dxc5 Rxc7 24.Rc1 Rxb7 25.Nd4 Rc7 26.Qb5 Rfc8 27.c6 Bf8 28.Qa6 Bc5 29.Nb5 Re7
30.a5 Rxc6 31.Nxa7 Rcc7 32.Nb5 Bc8 33.Qa8 Bb7 34.Qa7 Rc8 35.a6 Bc6 36.Rxc5 Rxa7
37.Nxa7 Ra8 38.Rxc6 Rxa7 39.Rxb6 Rd7 40.Rb7

[Event "2.Bl-West"]
[Site "Jenbach"]
[Date "2003.11.16"]
[Round "5"]
[Board "5"]
[White "Besner, Bernhard"]
[Black "Gattenloehner, Sebastian"]
[Result "1/2-1/2"]
[WhiteElo "2167"]
[BlackElo "2218"]
[PlyCount "39"]

1.e4 c5 2.c3 Nf6 3.e5 Nd5 4.d4 cxd4 5.Nf3 e6 6.Qxd4 Nc6 7.Qe4 b6 8.Bd3 Qc7 9.O-O
Bb7 10.Re1 Nde7 11.Qh4 Ng6 12.Bxg6 fxg6 13.b3 Be7 14.Bg5 Bxg5 15.Qxg5 O-O 16.Na3
Rf5 17.Qg3 Ba6 18.c4 Raf8 19.Rad1 Ne7 20.Rd2

[Event "2.Bl-West"]
[Site "Jenbach"]
[Date "2003.11.16"]
[Round "5"]
[Board "6"]
[White "Heilinger, Dietmar"]
[Black "Scheiblmaier, Robert"]
[Result "1/2-1/2"]
[WhiteElo "2179"]
[BlackElo "2142"]
[PlyCount "20"]

1.d4 d5 2.e3 c5 3.c3 e6 4.f4 Nc6 5.Nf3 Bd6 6.Bd3 Nge7 7.O-O Qc7 8.Ne5 O-O 9.Qh5
g6 10.Qh6 f6

[Event "2.Bl-West"]
[Site "Jenbach"]
[Date "2003.11.16"]
[Round "5"]
[Board "1"]
[White "Heinzel, Olaf"]
[Black "Reich, Thomas"]
[Result "1/2-1/2"]
[WhiteElo "2358"]
[BlackElo "2408"]
[PlyCount "99"]

1.Nf3 Nf6 2.c4 g6 3.g3 Bg7 4.Bg2 O-O 5.O-O c5 6.Nc3 Nc6 7.d4 cxd4 8.Nxd4 Ng4
9.e3 d6 10.b3 Nh6 11.Bb2 Nxd4 12.exd4 Nf5 13.Nd5 e6 14.Ne3 Nxe3 15.fxe3 a5
16.Qd2 a4 17.b4 a3 18.Bc3 d5 19.c5 Bd7 20.Rfe1 Bb5 21.Bf1 Bxf1 22.Rxf1 b5 23.Qd3
Qd7 24.Rab1 Ra6 25.Rb3 h5 26.Rc1 Rfa8 27.Be1 h4 28.Rbc3 e5 29.c6 Qg4 30.c7 Rc8
31.dxe5 hxg3 32.hxg3 Bxe5 33.R3c2 Bb2 34.Qxd5 Re6 35.Rd1 Rxe3 36.Bf2 Ree8 37.Qd7
Qg5 38.Rc5 Qf6 39.Rxb5 Kg7 40.Rc5 Re2 41.Bd4 Bxd4+ 42.Qxd4 Re1+ 43.Kg2 Rxd1
44.Qxd1 Qb2+ 45.Rc2 Qxb4 46.Qd5 Qe7 47.Qd4+ Qf6 48.Qc5 Qe6 49.Qc3+ f6 50.Qc6

[Event "2.Bl-West"]
[Site "Jenbach"]
[Date "2003.11.16"]
[Round "5"]
[Board "2"]
[White "Micheli, Carlo"]
[Black "Bayer, Bernhard"]
[Result "0-1"]
[WhiteElo "2360"]
[BlackElo "2298"]
[PlyCount "106"]

1.e4 e5 2.Nf3 Nc6 3.Bb5 a6 4.Ba4 Nf6 5.O-O Be7 6.Re1 b5 7.Bb3 d6 8.c3 O-O 9.h3
Nb8 10.d4 Nbd7 11.Nbd2 Bb7 12.a4 c5 13.Bc2 Re8 14.Nf1 Bf8 15.Ng3 cxd4 16.cxd4
exd4 17.Nxd4 bxa4 18.Bg5 Re5 19.f4 Rc5 20.Rxa4 h6 21.Bxf6 Qxf6 22.b4 Rxc2
23.Nxc2 Qxf4 24.Ra3 g6 25.Rf1 Qg5 26.Qf3 Ne5 27.Qf4 Qxf4 28.Rxf4 h5 29.Rc3 Bh6
30.Rf6 h4 31.Rc7 hxg3 32.Rxb7 Rc8 33.Ne1 Rc1 34.Kf1 Bd2 35.Ke2 Bxe1 36.Rf1 Bd2
37.Rxc1 Bxc1 38.Rb6 Ba3 39.Rxd6 Bxb4 40.Rxa6 Kg7 41.Ra4 Be7 42.Ra7 Kf6 43.Ra5
Bd6 44.Ra6 Ke6 45.Ke3 g5 46.Kd4 Nf3+ 47.Ke3 Nh4 48.Kd4 f6 49.Ra2 Bc7 50.Ra6+ Ke7
51.Ra2 Bb6+ 52.Kd5 Bf2 53.e5 Nxg2

[Event "2.Bl-West"]
[Site "Jenbach"]
[Date "2003.11.16"]
[Round "5"]
[Board "3"]
[White "Fuchs, Georg"]
[Black "Unzicker, Ferdinand"]
[Result "0-1"]
[WhiteElo "2252"]
[BlackElo "2290"]
[PlyCount "80"]

1.e4 e5 2.Nf3 d6 3.d4 Nf6 4.Nc3 Nbd7 5.Bc4 Be7 6.Be3 O-O 7.Qe2 c6 8.dxe5 dxe5
9.O-O-O Qc7 10.Ng5 b5 11.Bb3 h6 12.h4 Nc5 13.Bxc5 Bxc5 14.Rd3 a5 15.a4 b4 16.Nd1
Ba6 17.g4 Bxd3 18.cxd3 Qd7 19.Nxf7 Rxf7 20.g5 g6 21.gxf6 Kh7 22.Qc2 Bf8 23.Bxf7
Qxf7 24.Qxc6 Rd8 25.Rh3 Rd6 26.Qb5 Qc7+ 27.Kd2 Rxf6 28.d4 exd4 29.e5 Rc6 30.h5
Rc2+ 31.Ke1 Rc5 32.hxg6+ Kg8 33.Qd3 Qxe5+ 34.Kf1 Qf5 35.Qb3+ Kg7 36.Qd3 Kxg6
37.Rg3+ Kh7 38.Qxd4 Rd5 39.Qc4 Rxd1+ 40.Ke2 Rd5

[Event "2.Bl-West"]
[Site "Jenbach"]
[Date "2003.11.16"]
[Round "5"]
[Board "4"]
[White "Hoellrigl, Wilfried"]
[Black "Kondrak, Christof"]
[Result "1/2-1/2"]
[WhiteElo "2200"]
[BlackElo "2222"]
[PlyCount "36"]

1.e4 c5 2.c3 Nf6 3.e5 Nd5 4.d4 cxd4 5.Nf3 e6 6.cxd4 Nc6 7.a3 d6 8.Bd3 Qa5+ 9.Kf1
dxe5 10.dxe5 Qc7 11.Qe1 a6 12.b4 b5 13.Bb2 Nf4 14.Be4 Nxb4 15.Bxa8 Qc4+ 16.Kg1
Ne2+ 17.Kf1 Ng3+ 18.Kg1 Ne2+

[Event "2.Bl-West"]
[Site "Jenbach"]
[Date "2003.11.16"]
[Round "5"]
[Board "5"]
[White "Angerer, Helmut"]
[Black "Lederwasch, Bernhard"]
[Result "1/2-1/2"]
[WhiteElo "2178"]
[BlackElo "2193"]
[PlyCount "51"]

1.b3 Nf6 2.Bb2 g6 3.e4 d6 4.Ne2 Bg7 5.g3 O-O 6.Bg2 e5 7.O-O Re8 8.Re1 c6 9.h3 a5
10.Nbc3 h5 11.d4 Qc7 12.d5 cxd5 13.exd5 Bd7 14.Qd3 Na6 15.Qd2 Rac8 16.Nd1 Qxc2
17.Qxa5 Qc5 18.Qd2 Kh7 19.Rc1 Qb4 20.Bc3 Qb5 21.Ne3 Nc5 22.Ba1 Bh6 23.Nc3 Qd3
24.Rcd1 Qxd2 25.Rxd2 b5 26.b4

[Event "2.Bl-West"]
[Site "Jenbach"]
[Date "2003.11.16"]
[Round "5"]
[Board "1"]
[White "Blaskowski, Johannes"]
[Black "Dobosz, Henryk"]
[Result "1-0"]
[WhiteElo "2347"]
[BlackElo "2457"]
[PlyCount "127"]

1.e4 g6 2.d4 Bg7 3.f4 d5 4.e5 Nh6 5.c3 f6 6.Nf3 O-O 7.Be2 Nc6 8.O-O Kh8 9.Na3
Bf5 10.Nc2 Qd7 11.Ne3 Be6 12.Qe1 Nd8 13.h3 b6 14.g4 c5 15.Bd2 Bg8 16.Bd3 Ne6
17.Nc2 f5 18.g5 Nf7 19.dxc5 Nxc5 20.Qe2 Nd8 21.Nfd4 Nde6 22.Nxe6 Nxe6 23.Be3
Rfd8 24.h4 Nc5 25.Nd4 Bf7 26.Bb5 Qc7 27.h5 Ne6 28.hxg6 hxg6 29.Rf3 Kg8 30.Kg2
Nxd4 31.Bxd4 Be6 32.Rh1 Kf7 33.Rh7 Rh8 34.Rfh3 Rxh7 35.Rxh7 Rh8 36.Rxh8 Bxh8
37.Qd1 Bg7 38.Qa4 Qb8 39.Bd7 Qa8 40.Kg3 Bf8 41.Bxe6+ Kxe6 42.Bxb6 a6 43.Bd4 Qc8
44.Kf2 Kf7 45.Ke3 e6 46.Qd1 Qc6 47.b4 Qc4 48.Qe2 Qc6 49.Qd1 Qc4 50.a4 Ke8 51.Qe2
Qxe2+ 52.Kxe2 Kd7 53.Kd3 Kc6 54.Kc2 Be7 55.Kb3 Bd8 56.c4 dxc4+ 57.Kxc4 Be7
58.Be3 Bd8 59.Bc5 Bc7 60.a5 Kd7 61.Bd6 Bxd6 62.exd6 Kc6 63.d7 Kxd7 64.b5

[Event "2.Bl-West"]
[Site "Jenbach"]
[Date "2003.11.16"]
[Round "5"]
[Board "2"]
[White "Riemelmoser, Franz"]
[Black "Grundherr, Martin"]
[Result "1/2-1/2"]
[WhiteElo "2287"]
[BlackElo "2327"]
[PlyCount "73"]

1.c4 e5 2.g3 Nc6 3.Nc3 g6 4.e4 Bg7 5.Bg2 Nge7 6.Nge2 O-O 7.O-O d6 8.d3 Be6 9.Nd5
Qd7 10.Be3 Nd4 11.Nxd4 exd4 12.Bg5 Bxd5 13.cxd5 c5 14.dxc6 Nxc6 15.Qa4 h6 16.Bf4
Rfc8 17.Rac1 g5 18.Bd2 Ne5 19.Qb3 Qe6 20.Qa3 g4 21.f4 gxf3 22.Bxf3 Rxc1 23.Bxc1
Rc8 24.Bf4 Nxf3+ 25.Rxf3 d5 26.exd5 Qxd5 27.Rf2 Re8 28.Qb4 a5 29.Qd2 Qxa2
30.Bxh6 Bxh6 31.Qxh6 Re1+ 32.Kg2 Qd5+ 33.Kh3 Re5 34.Kh4 Qd8+ 35.Kh3 Qd5 36.Kh4
Qd8+ 37.Kh3

[Event "2.Bl-West"]
[Site "Jenbach"]
[Date "2003.11.16"]
[Round "5"]
[Board "3"]
[White "Mittelberger, Peter"]
[Black "Schmidlechner, Alexander"]
[Result "0-1"]
[WhiteElo "2267"]
[BlackElo "2208"]
[PlyCount "56"]

1.e4 c5 2.Nf3 Nc6 3.d4 cxd4 4.Nxd4 Nf6 5.Nc3 e5 6.Ndb5 d6 7.Bg5 a6 8.Na3 b5
9.Nd5 Be7 10.Bxf6 Bxf6 11.c4 b4 12.Nc2 a5 13.Bd3 Rb8 14.b3 Bg5 15.O-O O-O 16.Qe1
Be6 17.Nce3 Nd4 18.Rd1 Qd7 19.Bb1 Qa7 20.Kh1 a4 21.Nc2 Bxd5 22.Nxd4 Bxc4 23.Nc6
Qc7 24.Nxb8 axb3 25.f4 exf4 26.Rc1 f3 27.Na6 fxg2+ 28.Kxg2 Bxf1+

[Event "2.Bl-West"]
[Site "Jenbach"]
[Date "2003.11.16"]
[Round "5"]
[Board "4"]
[White "Eisenbeiser, Amadeus"]
[Black "Eybl, Alexander"]
[Result "0-1"]
[WhiteElo "2223"]
[BlackElo "2251"]
[PlyCount "72"]

1.e4 c5 2.Nf3 e6 3.d3 Nc6 4.g3 d6 5.Bg2 g6 6.O-O Bg7 7.c3 Nge7 8.Bf4 O-O 9.Qd2
Re8 10.Bh6 Bh8 11.d4 cxd4 12.cxd4 d5 13.exd5 exd5 14.Nc3 Nf5 15.Bg5 Qa5 16.Rad1
Be6 17.h3 Rac8 18.g4 Nd6 19.Rfe1 Nc4 20.Qc1 b5 21.b3 Nd6 22.Qf4 Qxc3 23.Qxd6
Nxd4 24.Nxd4 Bxd4 25.Bxd5 Bxd5 26.Rxe8+ Rxe8 27.Qxd5 Re1+ 28.Rxe1 Qxe1+ 29.Kh2
Qxf2+ 30.Qg2 Be5+ 31.Kh1 Qe1+ 32.Qg1 Qe4+ 33.Qg2 Qb1+ 34.Qg1 Qxa2 35.Be3 Qxb3
36.h4 Qd5+

[Event "2.Bl-West"]
[Site "Jenbach"]
[Date "2003.11.16"]
[Round "5"]
[Board "5"]
[White "Astl, Peter"]
[Black "Kranz, Armin"]
[Result "1-0"]
[WhiteElo "2240"]
[BlackElo "2146"]
[PlyCount "127"]

1.d4 g6 2.Nf3 Bg7 3.c3 Nf6 4.Bf4 d6 5.h3 O-O 6.Nbd2 Nc6 7.e4 Nd7 8.Be2 e5 9.dxe5
Ndxe5 10.O-O d5 11.exd5 Qxd5 12.Nxe5 Nxe5 13.Nf3 Nxf3+ 14.Bxf3 Qxd1 15.Rfxd1 c6
16.a4 Be6 17.a5 a6 18.g4 Rfd8 19.Bc7 Rxd1+ 20.Rxd1 Rc8 21.Bb6 Bf6 22.Kg2 Be5
23.Be4 Bc7 24.Bxc7 Rxc7 25.Rd8+ Kg7 26.Rb8 f6 27.Kg3 Bb3 28.h4 Bf7 29.f3 Re7
30.Kf2 Be6 31.Bd3 Bd5 32.c4 Bf7 33.b3 Be8 34.Be2 Kf7 35.Bd3 Kg7 36.f4 h6 37.Kf3
Bf7 38.Be4 Be8 39.Bc2 Bf7 40.f5 g5 41.h5 Bg8 42.Be4 Bf7 43.Rd8 Be8 44.Ke3 Kf7
45.Kd4 Re5 46.b4 c5+ 47.bxc5 Rxe4+ 48.Kxe4 Bc6+ 49.Kd3 Kg7 50.Rc8 Kf7 51.Rc7+
Kg8 52.Re7 Bg2 53.c6 Bxc6 54.Rc7 Bg2 55.Rd7 Bh1 56.Rd4 Bg2 57.Kd2 Kf8 58.Kc3 Ke7
59.Kb4 Bf3 60.Kc5 Bc6 61.Kb6 Bf3 62.c5 Bc6 63.Kc7 Bf3 64.Rb4

[Event "2.Bl-West"]
[Site "Jenbach"]
[Date "2003.11.16"]
[Round "5"]
[Board "6"]
[White "Wallis, Anton"]
[Black "Neuschmied, Siegfried"]
[Result "0-1"]
[WhiteElo "2136"]
[BlackElo "2219"]
[PlyCount "112"]

1.e4 d6 2.d4 Nf6 3.Nc3 g6 4.Bg5 h6 5.Bh4 Bg7 6.e5 Nfd7 7.f4 g5 8.fxg5 dxe5
9.dxe5 Nxe5 10.Qxd8+ Kxd8 11.O-O-O+ Nbd7 12.Nf3 Nxf3 13.gxf3 c6 14.Bc4 Ke8
15.Ne4 Ne5 16.Be2 Ng6 17.Bg3 hxg5 18.Nxg5 Bh6 19.f4 f6 20.Bh5 Bf5 21.Bxg6+ Bxg6
22.Ne6 Kf7 23.Rde1 Bf5 24.Nd4 Bh3 25.Kb1 Rad8 26.Nb3 Rd5 27.Rd1 Rhd8 28.Rxd5
Rxd5 29.Re1 b6 30.a3 Rd7 31.Nc1 Kg6 32.Nd3 Kf5 33.Nf2 Bg2 34.Nd1 Bxf4 35.Ne3+
Bxe3 36.Rxe3 Rd1+ 37.Ka2 e5 38.Kb3 Bd5+ 39.Kc3 Rd4 40.Re2 Ke6 41.h4 Rg4 42.Be1
Rg1 43.Kd2 Rh1 44.Bg3 Bf3 45.Re3 Rd1+ 46.Kc3 Bh5 47.Re4 Rg1 48.Re3 Rg2 49.Be1
Bg6 50.Rh3 Rxc2+ 51.Kb3 Re2 52.Bc3 Bh5 53.Rg3 Rh2 54.Rg7 Bf7 55.Rh7 Ke7+ 56.Kb4
Kf8

[Event "2.Bl-West"]
[Site "Jenbach"]
[Date "2003.11.16"]
[Round "5"]
[Board "1"]
[White "Bezold, Michael"]
[Black "Umansky, Mikhail"]
[Result "1/2-1/2"]
[WhiteElo "2456"]
[BlackElo "2452"]
[PlyCount "45"]

1.e4 g6 2.g3 Bg7 3.Bg2 d6 4.Ne2 Nf6 5.O-O O-O 6.h3 d5 7.e5 Ne8 8.d4 c5 9.c3 Nc6
10.Be3 Nc7 11.f4 c4 12.g4 e6 13.Nd2 b5 14.Bf2 Bd7 15.Qe1 f5 16.Bh4 Qe8 17.Bg5 b4
18.Qh4 Qf7 19.b3 bxc3 20.Nxc3 Nxd4 21.Qf2 Nc2 22.Nxc4 dxc4 23.Qxc2

[Event "2.Bl-West"]
[Site "Jenbach"]
[Date "2003.11.16"]
[Round "5"]
[Board "2"]
[White "Klundt, Klaus"]
[Black "Novkovic, Milan"]
[Result "1/2-1/2"]
[WhiteElo "2365"]
[BlackElo "2371"]
[PlyCount "50"]

1.e4 c5 2.Nf3 e6 3.d4 cxd4 4.Nxd4 a6 5.Bd3 Nf6 6.O-O d6 7.Kh1 Qc7 8.Qe2 Be7 9.c4
b6 10.Nc3 Bb7 11.b3 b5 12.Bb2 bxc4 13.Bxc4 Nc6 14.Nxc6 Qxc6 15.Bd3 O-O 16.Rac1
Qb6 17.Na4 Qd4 18.Rfd1 Nd7 19.f4 Nb6 20.Qg4 g6 21.Nxb6 Qxb6 22.f5 e5 23.Bc4 Kg7
24.Rc2 Rac8 25.Rcd2 Qe3

[Event "2.Bl-West"]
[Site "Jenbach"]
[Date "2003.11.16"]
[Round "5"]
[Board "3"]
[White "Gaertner, Guntram"]
[Black "Hanel, Reinhard"]
[Result "1/2-1/2"]
[WhiteElo "2340"]
[BlackElo "2307"]
[PlyCount "38"]

1.d4 g6 2.c4 Bg7 3.Nc3 d6 4.e4 Nc6 5.Be3 e5 6.d5 Nce7 7.c5 f5 8.Bb5+ Kf8 9.f3
Bh6 10.Bxh6+ Nxh6 11.cxd6 cxd6 12.Qd2 Nf7 13.O-O-O a6 14.Bd3 Bd7 15.Kb1 Rc8
16.h4 Kg7 17.Nh3 h6 18.g3 fxe4 19.fxe4 Rf8

[Event "2.Bl-West"]
[Site "Jenbach"]
[Date "2003.11.16"]
[Round "5"]
[Board "4"]
[White "Hager, Franz"]
[Black "Braun, Arik"]
[Result "0-1"]
[WhiteElo "2237"]
[BlackElo "2429"]
[PlyCount "58"]

1.d4 d5 2.c4 c6 3.Nf3 Nf6 4.cxd5 cxd5 5.Nc3 Nc6 6.Bf4 a6 7.e3 Bg4 8.Be2 e6 9.h3
Bxf3 10.Bxf3 Bd6 11.Bxd6 Qxd6 12.O-O O-O 13.Rc1 Rac8 14.Qd2 Rc7 15.Na4 Rfc8
16.Nb6 Rd8 17.Na4 h6 18.Rfd1 e5 19.dxe5 Nxe5 20.Be2 Ne4 21.Qd4 Rxc1 22.Rxc1 Qf6
23.f4 Qh4 24.fxe5 Qf2+ 25.Kh2 Qxe2 26.Rc7 Qe1 27.Nc3 Qg3+ 28.Kg1 Ng5 29.Kf1 Ne6

[Event "2.Bl-West"]
[Site "Jenbach"]
[Date "2003.11.16"]
[Round "5"]
[Board "5"]
[White "Feistenauer, Fred"]
[Black "Lickleder, Andreas"]
[Result "1/2-1/2"]
[WhiteElo "2257"]
[BlackElo "2227"]
[PlyCount "83"]

1.c4 c5 2.g3 Nf6 3.Bg2 e6 4.Nf3 a6 5.O-O d6 6.Nc3 Qc7 7.e4 b6 8.d3 Bb7 9.Ng5 h6
10.Nh3 Nc6 11.f4 Nd4 12.Nf2 Be7 13.Be3 Nd7 14.Qd2 Bf6 15.Ng4 Be7 16.Nf2 Bf6
17.Ng4 Be7 18.Ne2 h5 19.Nf2 Bf6 20.Rae1 Bc6 21.Nh3 O-O-O 22.Bxd4 cxd4 23.b4 Bb7
24.Qb2 e5 25.Nc1 Qc6 26.Nb3 Kb8 27.Nd2 Rc8 28.Qb3 Rhf8 29.Nf2 h4 30.Bh3 hxg3
31.hxg3 exf4 32.gxf4 Rh8 33.b5 axb5 34.cxb5 Qc2 35.Nc4 Qxb3 36.axb3 Rcd8 37.Bxd7
Rxd7 38.Nxb6 Rc7 39.Rc1 Re7 40.Kg2 Rh4 41.Rh1 Ka7 42.Rxh4

[Event "2.Bl-West"]
[Site "Jenbach"]
[Date "2003.11.16"]
[Round "5"]
[Board "1"]
[White "Dizdar, Goran"]
[Black "Herbrechtsmeier, Christof"]
[Result "1-0"]
[WhiteElo "2531"]
[BlackElo "2292"]
[PlyCount "83"]

1.Nf3 g6 2.d4 Nf6 3.g3 Bg7 4.Bg2 O-O 5.O-O d5 6.c4 dxc4 7.Na3 Nc6 8.Nxc4 Be6
9.b3 a5 10.Bb2 Bd5 11.a4 h6 12.e3 g5 13.Qe2 Qc8 14.Ne1 Bxg2 15.Kxg2 Qe6 16.Nd3
Nd7 17.Rfe1 Qg6 18.Red1 e6 19.Rac1 Ne7 20.Ba3 Rfe8 21.Bxe7 Rxe7 22.Nc5 Nxc5
23.dxc5 Qe4+ 24.Qf3 Qxf3+ 25.Kxf3 f5 26.Rd3 Kf7 27.c6 bxc6 28.Nd2 Ra6 29.Rc5 Bb2
30.Nc4 e5 31.Ke2 e4 32.Rd8 Bc3 33.Rxf5+ Kg6 34.g4 c5 35.Rg8+ Kh7 36.Rgf8 Kg7
37.Rc8 Rf6 38.Rxf6 Kxf6 39.Rf8+ Ke6 40.Rf5 Rd7 41.Rxc5 Rd3 42.Rc6+

[Event "2.Bl-West"]
[Site "Jenbach"]
[Date "2003.11.16"]
[Round "5"]
[Board "2"]
[White "Kratochwil, Christian"]
[Black "Schmittdiel, Eckhard"]
[Result "0-1"]
[WhiteElo "2277"]
[BlackElo "2483"]
[PlyCount "96"]

1.c4 c5 2.g3 Nc6 3.Bg2 g6 4.Nc3 a6 5.a4 Bg7 6.e4 d6 7.d3 Nf6 8.Nge2 O-O 9.O-O
Ne8 10.Be3 Nd4 11.Rb1 Nc7 12.b4 Nce6 13.Qd2 Bd7 14.bxc5 dxc5 15.Nd5 Nxe2+
16.Qxe2 Bc6 17.f4 Nd4 18.Qf2 Rb8 19.Nb6 e6 20.g4 f5 21.gxf5 gxf5 22.e5 Bxg2
23.Kxg2 Kh8 24.Bxd4 cxd4 25.Kh1 Rg8 26.Rg1 Qc7 27.Qf3 Bh6 28.Rg3 a5 29.c5 Rxg3
30.hxg3 Bf8 31.Nc4 Bxc5 32.Kg2 Bb4 33.Rh1 Rg8 34.Rh6 Be1 35.Rh3 Rg7 36.Kf1 Bb4
37.Rh2 Qd7 38.Nb6 Qe8 39.Rc2 Bc3 40.Rh2 Kg8 41.Rh6 Bb4 42.Nc4 Bf8 43.Nxa5 Qxa4
44.Nc4 b5 45.Nd6 Rc7 46.Rh2 b4 47.Rf2 b3 48.g4 b2

[Event "2.Bl-West"]
[Site "Jenbach"]
[Date "2003.11.16"]
[Round "5"]
[Board "5"]
[White "Ferrari, Josef"]
[Black "Jannasch, Franz"]
[Result "1-0"]
[WhiteElo "2226"]
[BlackElo "2170"]
[PlyCount "163"]

1.d4 Nf6 2.Nf3 d5 3.g3 c6 4.Bg2 Bf5 5.O-O e6 6.c4 Bd6 7.Nc3 O-O 8.Nd2 Re8 9.e4
dxe4 10.Ndxe4 Be7 11.Bf4 Na6 12.a3 Qd7 13.b4 Rad8 14.Qe2 Nxe4 15.Nxe4 Bxe4
16.Bxe4 Qxd4 17.Rfd1 Qc3 18.Rdc1 Qf6 19.Be3 Qe5 20.Bxa7 Bf6 21.Bb6 Rd7 22.Rab1
g6 23.f4 Qb8 24.Rd1 Rd6 25.Rxd6 Qxd6 26.Rd1 Qe7 27.Rd3 h5 28.Qd2 Nb8 29.Kg2 e5
30.f5 gxf5 31.Bxf5 e4 32.Qh6 exd3 33.Bh7+ Kh8 34.Bxd3+ Kg8 35.Qh7+ Kf8 36.Bc5
Qxc5 37.bxc5 Re5 38.Bf5 Na6 39.Qxh5 Nxc5 40.Qf3 Ke7 41.h4 b5 42.cxb5 cxb5 43.Bd3
Ne6 44.Qb7+ Kf8 45.Bxb5 Re3 46.a4 Be5 47.a5 Rxg3+ 48.Kf2 Rc3 49.a6 Bd4+ 50.Ke1
Rc7 51.Qd5 Be3 52.Qd6+ Re7 53.Qb8+ Kg7 54.Qg3+ Kf8 55.Qb8+ Kg7 56.Kf1 Rc7 57.Bc4
Ba7 58.Qb5 Bd4 59.Bxe6 fxe6 60.Qg5+ Kh7 61.Qd8 Rf7+ 62.Ke2 e5 63.Qg5 Ra7 64.Qf6
Rc7 65.Qd8 Ra7 66.Qd6 Rg7 67.Kd3 Ra7 68.Ke4 Rf7 69.h5 Rg7 70.Qe6 Ra7 71.Qg6+ Kh8
72.Kf5 Rc7 73.Qh6+ Kg8 74.Qe6+ Kh7 75.Qg6+ Kh8 76.h6 Ra7 77.Kg5 Be3+ 78.Kh5 Bd4
79.Qd3 Rc7 80.Qe4 Kg8 81.Kg6 Kf8 82.Qb7

[Event "2.Bl-West"]
[Site "Jenbach"]
[Date "2003.11.16"]
[Round "5"]
[Board "6"]
[White "Reiter, Franz"]
[Black "Gerhold, Michael"]
[Result "0-1"]
[WhiteElo "2077"]
[BlackElo "2223"]
[PlyCount "62"]

1.e4 c5 2.Nf3 Nc6 3.Nc3 g6 4.d4 cxd4 5.Nxd4 Bg7 6.Be3 Nf6 7.Be2 O-O 8.O-O d5
9.exd5 Nb4 10.Qd2 Nbxd5 11.Rad1 Nxe3 12.Qxe3 Qb6 13.b3 Bd7 14.h3 Rac8 15.Bf3 Qc5
16.Ne4 Nxe4 17.Bxe4 b5 18.c4 bxc4 19.bxc4 Ba4 20.Rd3 Qxc4 21.Nb3 e6 22.Rfd1 Qb4
23.g3 a5 24.Bg2 Bf6 25.Qa7 Bb5 26.Rd6 a4 27.Na5 Be2 28.Rb6 Qc3 29.Rdd6 Qe1+
30.Kh2 Rc1 31.h4 Bg4

[Event "2.Bl-West"]
[Site "Jenbach"]
[Date "2003.11.16"]
[Round "5"]
[Board "1"]
[White "Sermek, Drazen"]
[Black "Schmidt, Georg"]
[Result "1-0"]
[WhiteElo "2546"]
[BlackElo "2376"]
[PlyCount "133"]

1.e4 e6 2.d4 d5 3.Nd2 Nf6 4.Bd3 c5 5.e5 Nfd7 6.c3 Nc6 7.Ne2 cxd4 8.cxd4 f6
9.exf6 Qxf6 10.Nf3 h6 11.O-O Bd6 12.Ng3 O-O 13.Bc2 Rf7 14.Nh5 Qd8 15.Bg6 Re7
16.Bf4 Nf8 17.Qd3 Qc7 18.g3 Bd7 19.Rfe1 Be8 20.Bxe8 Raxe8 21.Rac1 Rf7 22.Qe3
Bxf4 23.Nxf4 Qd6 24.h4 Rc7 25.Kg2 Ree7 26.a3 Nd8 27.Ne5 Rxc1 28.Rxc1 Rc7 29.Re1
Qb6 30.Re2 Nc6 31.Neg6 Nd8 32.Nxf8 Kxf8 33.Qe5 Qc6 34.Re3 Qd7 35.g4 Rc2 36.b3
Kg8 37.g5 Nc6 38.Qxe6+ Qxe6 39.Nxe6 hxg5 40.Nxg5 g6 41.Re6 Kg7 42.Rd6 Nxd4
43.Rxd5 Nf5 44.Rd7+ Kf6 45.Rf7+ Ke5 46.h5 Rc6 47.Nf3+ Ke4 48.Nd2+ Kd4 49.Rxb7
gxh5 50.Rxa7 Kd3 51.Nf3 Ke2 52.Rf7 Rg6+ 53.Kh3 Nh6 54.Rf8 Ng4 55.Nd4+ Kd3 56.Nb5
Kc2 57.b4 Kb3 58.Kh4 Nf6 59.f3 Ka4 60.Nd6 Nd7 61.Ra8+ Kb3 62.Ne4 Ne5 63.Kxh5 Rg1
64.f4 Nc4 65.f5 Nxa3 66.f6 Rf1 67.Nd2+

[Event "2.Bl-West"]
[Site "Jenbach"]
[Date "2003.11.16"]
[Round "5"]
[Board "3"]
[White "Gross, David"]
[Black "Peterwagner, Heinz"]
[Result "1-0"]
[WhiteElo "2458"]
[BlackElo "2222"]
[PlyCount "71"]

1.e4 c5 2.Nf3 Nc6 3.Bb5 g6 4.Bxc6 bxc6 5.O-O Bg7 6.Re1 e5 7.c3 Ne7 8.d4 cxd4
9.cxd4 exd4 10.Nxd4 O-O 11.Nc3 Bb7 12.Nb3 Qc7 13.Bg5 d6 14.Rc1 a6 15.Na5 Nc8
16.b4 f6 17.Bf4 Rd8 18.Qc2 Qf7 19.Na4 Rb8 20.Red1 Bf8 21.Nc4 Qe6 22.Nc5 Qe8
23.Nxb7 Rxb7 24.Na5 Rc7 25.Qc4+ Kg7 26.Qxa6 Qxe4 27.Be3 Rcd7 28.Nxc6 Re8 29.b5
d5 30.Nb8 Rdd8 31.Rc7+ Kg8 32.Qxf6 Be7 33.Qf4 Qxf4 34.Bxf4 Nd6 35.Nc6 Nxb5
36.Rxe7

[Event "2.Bl-West"]
[Site "Jenbach"]
[Date "2003.11.16"]
[Round "5"]
[Board "4"]
[White "Hamberger, Hermann"]
[Black "Tabernig, Bernhard"]
[Result "0-1"]
[WhiteElo "2157"]
[BlackElo "2368"]
[PlyCount "54"]

1.e4 e6 2.b3 c5 3.Bb2 b6 4.Nf3 a6 5.d4 cxd4 6.Nxd4 Qc7 7.Bd3 Bb4+ 8.c3 Bd6 9.Nf3
Nc6 10.O-O Nf6 11.Re1 Bb7 12.Nbd2 Ng4 13.h3 Nge5 14.Bf1 O-O 15.Nc4 Nxc4 16.Bxc4
Ne5 17.Nxe5 Bxe5 18.Qe2 b5 19.Bd3 Bxc3 20.Bxc3 Qxc3 21.e5 f6 22.Qe3 Qxe5 23.Qb6
Qb8 24.Rad1 Bd5 25.Qe3 f5 26.Bb1 Qb7 27.Qg3 Rf6

[Event "2.Bl-West"]
[Site "Jenbach"]
[Date "2003.11.16"]
[Round "5"]
[Board "5"]
[White "Kroell, Johannes"]
[Black "Hicker, Harald"]
[Result "1-0"]
[WhiteElo "2192"]
[BlackElo "2113"]
[PlyCount "49"]

1.Nc3 d5 2.e4 d4 3.Nce2 e5 4.Ng3 Ne7 5.Bc4 Qd6 6.c3 Qg6 7.Nf3 Nd7 8.h4 Nc6 9.Ng5
Nd8 10.d3 h6 11.h5 Qf6 12.Nh3 Nc6 13.f4 Na5 14.Qa4 Nxc4 15.dxc4 Qh4 16.Kf2 Bd6
17.Ng5 Qg4 18.Nf5 hxg5 19.fxg5 d3 20.Nxd6+ Kf8 21.Qd1 Qxd1 22.Rxd1 Rxh5 23.Rxd3
Rh1 24.Nxc8 Rxc8 25.Rxd7

[Event "2.Bl-West"]
[Site "Jenbach"]
[Date "2003.11.16"]
[Round "5"]
[Board "6"]
[White "Nussbaecher, Andreas"]
[Black "Schiestl, Josef"]
[Result "1/2-1/2"]
[WhiteElo "2168"]
[BlackElo "2155"]
[PlyCount "44"]

1.d4 g6 2.c4 Nf6 3.Nc3 Bg7 4.e4 d6 5.Nf3 O-O 6.Be2 e5 7.dxe5 dxe5 8.Qxd8 Rxd8
9.Bg5 Rf8 10.Nd5 Nxd5 11.cxd5 c6 12.Bc4 b5 13.Bb3 Bb7 14.Be7 Re8 15.d6 c5 16.Rd1
Nd7 17.Bd5 Bxd5 18.Rxd5 f6 19.Ke2 Bf8 20.Rhd1 Rab8 21.Ne1 Kf7 22.Bxf8 Rxf8

[Event "2.Bl-West"]
[Site "Dornbirn"]
[Date "2004.01.16"]
[Round "6"]
[Board "1"]
[White "Weindl, Alfred"]
[Black "Dobos, Joszef"]
[Result "1-0"]
[WhiteElo "2351"]
[BlackElo "2309"]
[PlyCount "67"]

1.Nf3 d5 2.g3 Nc6 3.d4 Bg4 4.Bg2 Qd7 5.h3 Bf5 6.c3 f6 7.Nbd2 g5 8.Nb3 b6 9.h4 g4
10.Nfd2 e5 11.dxe5 fxe5 12.e4 dxe4 13.O-O Nf6 14.Qe2 Bg7 15.Nxe4 Nxe4 16.Bxe4
Bxe4 17.Qxe4 O-O 18.Bg5 Qe6 19.Rad1 Rae8 20.Rd2 h6 21.Be3 a5 22.Rfd1 Rf7 23.Bxb6
cxb6 24.Rd6 Qf5 25.Qxf5 Rxf5 26.Rxc6 a4 27.Na1 e4 28.Nc2 Rb5 29.Rg6 Rxb2 30.Ne3
Kf7 31.h5 Bxc3 32.Nc4 Rxa2 33.Rd7+ Kf8 34.Nd6